=LDR 00000nam 2200000 4500 =001 INLIS000000000050087 =005 20170419085722.0 =006 =007 =008 =020 ##$$a 978 - 602 - 98043 - 9 - 3 =035 ##$$0010-041700000000277 =082 ##$$a 420 =090 ##$$a 420 Pus c =100 ##$$a Puspitasari, Mettayana Anggun =245 ##$$a Complete english grammar for everyone : $b Easy and simple tools for learning and teaching grammar / $c Mettayana Anggun Puspitasari =260 ##$$a Yogyakarta $b Pelangi Indonesia $c 2014 =300 ##$$a x, 194 hlm. ; $c 25 cm =650 ##$$a BAHASA INGGRIS =850 ##$$a NBPDMAT